Picasso
Uloženo v:
| Hlavní autor: | |
|---|---|
| Médium: | Kniha |
| Jazyk: | španělština |
| Vydáno: |
Barcelona
Daimon
1965
|
| Edice: | Ars Viva. Los Grandes Maestros
|
| Témata: | |
| Tagy: |
Přidat tag
Žádné tagy, Buďte první, kdo vytvoří štítek k tomuto záznamu!
|
MARC
| LEADER | 00000nam a2200000 a 4500 | ||
|---|---|---|---|
| 001 | UCL7743 | ||
| 003 | CL-VaPUC | ||
| 008 | 040528e19650000SP |||||||||||||||||spa|d | ||
| 082 | 0 | 4 | |a 759.6 |b DAI |2 21 |
| 100 | 0 | |a Daix, Pierre |e author |9 485684 | |
| 245 | 1 | 0 | |a Picasso |
| 300 | |a 272 p | ||
| 942 | |c BK | ||
| 945 | |d 20040528 00:00:00 |a cmena | ||
| 260 | |a Barcelona |b Daimon |c 1965 | ||
| 600 | 0 | 7 | |a PICASSO, PABLO 1881-1973 |2 CL-VaPUC |9 458133 |
| 650 | 0 | |a Pintura española |9 315217 | |
| 650 | 0 | |a Cubismo |9 265275 | |
| 650 | 0 | |a Pintores españoles |9 315216 | |
| 583 | |a last modification |c 20040528 00:00:00 |k Rodrigo Vera | ||
| 490 | 0 | |a Ars Viva. Los Grandes Maestros | |
| 999 | |c 309362 |d 309360 | ||
| 952 | |0 0 |1 0 |4 0 |6 759_600000000000000_DAI_1965 |7 0 |8 A |9 376791 |a BIBART |b BIBART |d 2019-11-21 |i 4018788 |o 759.6 DAI 1965 |p 4018788 |r 2025-03-13 |w 2019-11-21 |y BK |k ART | ||